Des Ritters Carl von Linne' ... Natursystem des Mineralreichs (Record no. 157765)

MARC details
000 -LEADER
campo de control de longitud fija 01126nam a22002655i 4500
001 - NÚMERO DE CONTROL
campo de control 157765
003 - IDENTIFICADOR DE NÚMERO DE CONTROL
campo de control ES-MaACL
005 - FECHA Y HORA DE LA ÚLTIMA TRANSACCIÓN
campo de control 20250930063136.0
008 - DATOS DE LONGITUD FIJA--INFORMACIÓN GENERAL
campo de control de longitud fija 040819s1779 gw a |||| | ger d
040 ## - FUENTE DE CATALOGACIÓN
Centro catalogador/agencia de origen CAM
Lengua de catalogación spa
Centro/agencia transcriptor CAM
100 0# - ENTRADA PRINCIPAL--NOMBRE DE PERSONA
Nombre de persona Linné, Carl von,
Fechas asociadas al nombre 1707-1778
9 (RLIN) 72451
245 10 - MENCIÓN DEL TÍTULO
Título Des Ritters Carl von Linne' ... Natursystem des Mineralreichs
Resto del título : nach der zwolsten lateinischen Ausgabe in einer freyen und vermehrten Uebersestung von Johann Friederich Gmelin ...; Vierter Theil...
260 ## - PUBLICACIÓN, DISTRIBUCIÓN, ETC.
Lugar de publicación, distribución, etc. Nurnberg :
Nombre del editor, distribuidor, etc. vey Gabriel Nicolaus Raspe,
Fecha de publicación, distribución, etc. 1779.
300 ## - DESCRIPCIÓN FÍSICA
Extensión LXIV, 528 [i.e. 548], [10], [2] en bl. p., [30] h. de grab. ;
Dimensiones 8º.
597 ## - NOTA DE DESCRIPCIÓN FÍSICA
NOTA DE DESCRIPCIÓN FÍSICA Sign.: a-d\p8\s, A-2L\p8\s, 2M\p8\s.
597 ## - NOTA DE DESCRIPCIÓN FÍSICA
NOTA DE DESCRIPCIÓN FÍSICA Letra gótica.
597 ## - NOTA DE DESCRIPCIÓN FÍSICA
NOTA DE DESCRIPCIÓN FÍSICA Error de paginación en la última pag.
599 ## - NOTA A LAS ILUSTRACIONES
NOTA A LAS ILUSTRACIONES Las h. pleg. de grab. calc. representado fósiles.
650 #4 - PUNTO DE ACCESO ADICIONAL DE MATERIA--TÉRMINO DE MATERIA
Término de materia o nombre geográfico como elemento de entrada Minerales.
9 (RLIN) 15052
700 11 - ENTRADA AGREGADA--NOMBRE PERSONAL
Nombre de persona Gmelin, Johann Friederich.
9 (RLIN) 127344
700 11 - ENTRADA AGREGADA--NOMBRE PERSONAL
Nombre de persona Raspe, Gabriel Nicolaus,
Término indicativo de función/relación
9 (RLIN) 131617
752 ## - ENTRADA AGREGADA--NOMBRE JERÁRQUICO DEL LUGAR
País o entidad superior Alemania -
Ciudad Nuremberg
852 ## - LOCALIZACIÓN
Ubicación ES-MaACL
Número de control de estantería R-817-20
Nota libre -- Enc. piel
Encuadernación Olim: G-2879-82
Holdings
Estatus retirado Estado de pérdida Estado de daño No para préstamo Colección Biblioteca de origen Biblioteca actual Ubicación en estantería Fecha de adquisición Total de préstamos Signatura topográfica completa Código de barras Visto por última vez Precio de reemplazo Tipo de ítem Koha
        Libros del s. XVIII Biblioteca del Ateneo de Madrid Biblioteca del Ateneo de Madrid Depósito 17/01/2008   R-817-20 1165101 23/02/2023 23/02/2023 Libro impreso antiguo